00631cam a22001577a 4500008004000000082001800040100001800058245009600076260006300172300001000235500006500245650003400310650001900344999001900363952009100382180718b2007 xxu||||| |||| 00| 0 eng d aAPPPA 2007-08 aSingh, Sonali aThe role of internal audit in central government ministries: future trendscby Sonali Singh aNew DelhibIndian Institute of Public Administrationc2007 a109p. aAn APPPA M.Phil dissertation, 2006-07 (Guide: Dr. V.N. Alok) aCentral government ministries aInternal audit c493497d493497 00104070aIIPAbIIPAd2018-08-04oAPPPA 2007-08pGR17858r2018-08-04w2018-08-04yGR